| 000 | 00595nam a2200193Ia 4500 | ||
|---|---|---|---|
| 003 | GCL | ||
| 008 | 140319s9999 xx 000 0 ara d | ||
| 040 |
_aGCL / _cGCL |
||
| 082 | 0 | 4 |
_a631.6 _bع ا |
| 100 | 1 | _aعلى الدجوى | |
| 245 | 1 | 0 |
_aاستصلاح واستزاع الاراضى وتغذية النبات / _cعلى الدجوى |
| 300 | _a574 ص | ||
| 490 |
_aالمكتبة الزراعية _v0 |
||
| 650 | 0 | 4 | _aالزراعة |
| 650 | 0 | 4 | _aالمحاصيل الزراعية |
| 650 | 0 | 4 | _aاصلاح الاراضى |
| 650 | 0 | 4 | _aالنباتات - تغذية |
| 942 |
_2ddc _cBK |
||
| 999 |
_c52307 _d52307 |
||